Innovación de aprendizaje deportivo en tenis de mesa para adulto mayor

Doy cuenta que este informe esta precedido por mis aprendizajes del magíster marcado en este proceso formativo en liderazgo transformacional en educación donde pude ir constatando la importancia de no perder de vista la importancia de la educación para toda la vida, por tanto puse mis esfuerzo y des...

Descripción completa

Detalles Bibliográficos
Autor principal: Aguilera Valdés, Michel
Otros Autores: Otárola Pino, Pablo (profesor guía)
Formato: Tesis
Lenguaje:español
Publicado: Santiago, Chile : Universidad Academia de Humanismo Cristiano, 2022.
Materias:
Acceso en línea:Disponible en línea (PDF). Biblioteca Digital UAHC

MARC

LEADER 00000nmm a22000007a 4500
001 045102
003 UAHC_CL
005 20241011064306.0
008 230816s2022 cl o d spa
040 |a UAHC_CL  |c UAHC_CL  |d UAHC_CL 
100 |a Aguilera Valdés, Michel  |9 18583 
245 1 0 |a Innovación de aprendizaje deportivo en tenis de mesa para adulto mayor  |c Michel Andrés Aguilera Valdés ; profesor guía Pablo Otárola. 
260 |a Santiago, Chile :   |b Universidad Academia de Humanismo Cristiano,  |c 2022. 
300 |a 30 páginas. 
500 |a Tesis para optar al grado de Magíster en Educación con mención en Liderazgo Transformacional y Gestión Escolar. 
502 |a Tesis (Magíster en Educación) -- Universidad Academia de Humanismo Cristiano, 2022. 
516 |a Tesis electrónica (PDF). Solicitar envío de documento a biblioteca@academia.cl. 
520 |a Doy cuenta que este informe esta precedido por mis aprendizajes del magíster marcado en este proceso formativo en liderazgo transformacional en educación donde pude ir constatando la importancia de no perder de vista la importancia de la educación para toda la vida, por tanto puse mis esfuerzo y desplegué mis aprendizajes alcanzados en un proyecto de innovación de aprendizaje deportivo en tenis de mesa que permitía que personas mayores continuaran aprendiendo a través del ejercicios deportivo del tenis de mesa. 
650 0 |a Liderazgo educacional  |9 3977 
650 0 |a Innovaciones educativas  |9 907 
650 0 |a Tenis de mesa  |9 18584 
650 0 |a Deportes para adultos mayores  |9 18585 
650 0 |a Adultos mayores  |9 9891 
700 |a Otárola Pino, Pablo  |e profesor guía  |9 18552 
856 |u http://bibliotecadigital.academia.cl/xmlui/handle/123456789/7042  |y Disponible en línea (PDF). Biblioteca Digital UAHC 
900 |a TMED 179 
942 |c TS  |2 ddc 
952 |0 0  |1 0  |4 0  |6 TMED_179_000000000000000  |7 0  |8 COMP  |9 98709  |a BC  |b BC  |c Digital  |d 2023-08-16  |l 0  |o TMED 179  |r 2023-08-16 00:00:00  |w 2023-08-16  |y TS  |z Documento en PDF  |B MED 
999 |c 61086  |d 61086